Normal view
MARC view
Entry Personal Name
001 - CONTROL NUMBER
- control field: 6765
003 - CONTROL NUMBER IDENTIFIER
- control field: OSt
005 - DATE AND TIME OF LATEST TRANSACTION
- control field: 20160210145000.0
008 - FIXED-LENGTH DATA ELEMENTS
- fixed length control field: 160210|| aca||aabn | a|a d
040 ## - CATALOGING SOURCE
- Original cataloging agency: OSt
- Transcribing agency: OSt
100 ## - HEADING--PERSONAL NAME
- Personal name: edited by Mundy, Anthony R. [et.....al]
670 ## - SOURCE DATA FOUND
- Source citation: Work cat.: (OSt): edited by Mundy, Anthony R. [et.....al], The scientific basis of Urology
